000 00838cam a2200277 i 4500
999 _c200430627
_d48744
001 200430627
003 TR-AnTOB
005 20221229140453.0
007 ta
008 120424s2010 000 0 tur d
020 _a9789754645644
040 _aTR-AnTOB
_beng
_erda
_cTR-AnTOB
041 0 _atur
050 1 4 _aKKV2720
_b.A4564 2010
090 _aKKV2720
_b.A4564 2010
100 1 _aAkıncı, Müslüm
_eauthor
_9121343
245 1 0 _aİsveç idare hukuku :
_bförvaltning i offentlighetens ljus /
_cDoç. Dr. Müslüm Akıncı.
264 1 _aAnkara :
_bYetkin,
_c2010.
300 _a327 pages ;
_c20 cm.
336 _atext
_2rdacontent.
_btxt
337 _aunmediated
_2rdamedia.
_bn
338 _avolume
_2rdacarrier.
_bnc
650 7 _aİdare hukuku
_zİsveç
_2etuturkob
_9121347
942 _2lcc
_cBK